000 00522nam a2200181Ia 4500
999 _c29032
_d29032
003 OSt
005 20210105155724.0
008 190216s9999||||xx |||||||||||||| ||und||
020 _a9788124017388
040 _coclc
082 _a894.8128
_bMAL/S
100 _aMalayala Padana Sangham
_97971
245 0 _aSamskarapadanam /
_cMalayala Padana Sangham
260 _bCurrent Books,
_aKottayam:
_c2007.
300 _a572p
650 _aPadanam
942 _cBK
_2ddc
_h894.8128
_iMAL/S
_k894.8128
_mMAL/S